[Event "Mittelrhein Regionalliga 1718"]
[Site "Nordrheinwestfalen"]
[Date "2018.01.14"]
[Round "5.6"]
[White "Mohammadi Nia, Borna"]
[Black "Wolfradt, Dirk"]
[Result "0-1"]
[WhiteElo "1974"]
[BlackElo "2017"]
[PlyCount "94"]
[EventDate "2017.09.10"]
[EventType "team-tourn"]
[EventRounds "9"]
[EventCountry "GER"]
[SourceTitle "EXT 2022"]
[Source "ChessBase"]
[SourceDate "2021.10.06"]
[SourceVersion "1"]
[SourceVersionDate "2021.10.06"]
[SourceQuality "1"]
[WhiteTeam "Aachen DJK Aufwärts III"]
[BlackTeam "Langenfeld"]
[WhiteTeamCountry "GER"]
[BlackTeamCountry "GER"]

1. e4 Nf6 2. Nc3 d5 3. e5 d4 4. exf6 dxc3 5. fxg7 cxd2+ 6. Qxd2 Qxd2+ 7. Bxd2 Bxg7 8. c3 Bf5 9. Nf3 Nd7 10. 0-0-0 0-0-0 11. Bc4 Nc5 12. Be3 Nd3+ 13. Bxd3 Rxd3 14. Nd4 Bxd4 15. Rxd3 Bxd3 16. Bxd4 Rg8 17. g3 a6 18. Kd2 Bc4 19. Re1 Rd8 20. Kc2 Be6 21. Re5 Rd5 22. b3 Kd7 23. Kd3 Kd6 24. Ke4 c5 25. Rxe6+ Kxe6 26. Be3 f5+ 27. Kf4 Kf6 28. c4 Rd3 29. Kf3 b6 30. Ke2 Rd6 31. Bd2 e5 32. Bc3 Ke6 33. Bd2 b5 34. cxb5 axb5 35. a4 Kd5 36. axb5 Rb6 37. b4 c4 38. Be3 Rxb5 39. Bc5 Rxc5 40. bxc5 Kxc5 41. Kd2 Kd4 42. Kc2 Ke4 43. Kc3 Kf3 44. Kxc4 Kxf2 45. g4 fxg4 46. Kd5 Kg2 47. Kxe5 Kxh2 0-1

[Event "Mittelrhein Regionalliga 16/17"]
[Site "Nordrheinwestfalen"]
[Date "2017.01.29"]
[Round "7.7"]
[White "Diesner, Michael"]
[Black "Wolfradt, Dirk"]
[Result "1/2-1/2"]
[WhiteElo "2075"]
[BlackElo "2006"]
[PlyCount "161"]
[EventDate "2016.09.11"]
[EventType "team-tourn"]
[EventRounds "11"]
[EventCountry "GER"]
[SourceTitle "EXT 2022"]
[Source "ChessBase"]
[SourceDate "2021.10.06"]
[SourceVersion "1"]
[SourceVersionDate "2021.10.06"]
[SourceQuality "1"]
[WhiteTeam "Koeln Lasker"]
[BlackTeam "Langenfeld"]
[WhiteTeamCountry "GER"]
[BlackTeamCountry "GER"]

1. Nf3 d5 2. g3 Nc6 3. d4 Bg4 4. Bg2 Qd7 5. h3 Bf5 6. Nh4 Be4 7. f3 Bg6 8. 0-0 Nf6 9. Be3 e5 10. c3 Bd6 11. Bf2 Bxb1 12. Qxb1 exd4 13. cxd4 0-0 14. Nf5 Bb4 15. a3 Ba5 16. Qd3 Rfe8 17. b4 Bb6 18. e3 Ne7 19. Nxe7+ Rxe7 20. a4 c6 21. b5 cxb5 22. axb5 Rc8 23. Rfc1 Ne8 24. Kh2 Nd6 25. h4 Rc4 26. e4 Qxb5 27. Qa3 Qb4 28. Qxb4 Rxb4 29. e5 Nc4 30. f4 Rd7 31. Rab1 Ra4 32. Rc2 h6 33. Rb5 Ra5 34. Rxa5 Nxa5 35. Rc8+ Kh7 36. f5 Nc6 37. Bh3 Re7 38. f6 Rc7 39. Rxc7 Bxc7 40. fxg7 Bb6 41. Bc8 Nd8 42. Kg2 Kxg7 43. Kf3 a5 44. Be1 Bxd4 45. Bxa5 b6 46. Bd2 Bxe5 47. g4 Bd4 48. h5 Bc5 49. Bc3+ d4 50. Bb2 Ne6 51. Ke4 Kf6 52. Bc1 Bf8 53. Bb2 Bc5 54. Bc1 Ng5+ 55. Bxg5+ Kxg5 56. Bf5 Kf6 57. Kd5 Kg5 58. Ke4 b5 59. Kf3 b4 60. Bc2 Bb6 61. Bb3 f6 62. Bc2 Bc7 63. Bd3 b3 64. Be4 Be5 65. Bd3 b2 66. Bb1 Bf4 67. Bd3 Be3 68. Bb1 f5 69. Bxf5 Kf6 70. Bb1 Ke5 71. Bc2 Kd5 72. Bd3 Kc5 73. Ke4 Kb4 74. g5 Bxg5 75. Kxd4 Kb3 76. Ke5 Ka2 77. Kf5 b1Q 78. Bxb1+ Kxb1 79. Kg4 Kc2 80. Kf3 Kd3 81. Kg2 1/2-1/2

[Event "Regionalliga Mittelrhein 1213"]
[Site "Germany"]
[Date "2013.05.05"]
[Round "10.2"]
[White "Wolfradt, Dirk"]
[Black "Florstedt, Johannes"]
[Result "1/2-1/2"]
[WhiteElo "2087"]
[BlackElo "2063"]
[PlyCount "56"]
[EventDate "2012.09.09"]
[EventType "team"]
[EventRounds "11"]
[EventCountry "GER"]
[SourceTitle "EXT 2015"]
[Source "ChessBase"]
[SourceDate "2014.11.20"]
[SourceVersion "1"]
[SourceVersionDate "2014.11.20"]
[SourceQuality "1"]
[WhiteTeam "Langenfeld II"]
[BlackTeam "Godesberg III"]
[WhiteTeamCountry "GER"]
[BlackTeamCountry "GER"]

1. d4 g6 2. c4 Bg7 3. Nf3 d6 4. Nc3 e5 5. dxe5 dxe5 6. Qxd8+ Kxd8 7. Bg5+ f6 8. 0-0-0+ Bd7 9. Bd2 Nh6 10. h3 Nf7 11. e4 c6 12. c5 Ke7 13. Be3 Be6 14. Nd2 Rd8 15. Nc4 Rxd1+ 16. Kxd1 Bh6 17. Bxh6 Nxh6 18. Kc2 Nd7 19. b4 Nf7 20. Be2 Nf8 21. Na5 Nd8 22. Rd1 b6 23. cxb6 axb6 24. Nc4 Bxc4 25. Bxc4 b5 26. Bb3 Nfe6 27. Ne2 Rc8 28. Kd2 Nb7 1/2-1/2

[Event "Mittelrhein Verbandsliga-M 1112"]
[Site "Germany"]
[Date "2011.11.13"]
[Round "3.2"]
[White "Happ, Tobias"]
[Black "Wolfradt, Dirk"]
[Result "0-1"]
[WhiteElo "2046"]
[BlackElo "2067"]
[PlyCount "66"]
[EventDate "2011.09.18"]
[EventType "team-tourn"]
[EventRounds "11"]
[EventCountry "GER"]
[SourceTitle "EXT 2013"]
[Source "ChessBase"]
[SourceDate "2012.11.22"]
[SourceVersion "1"]
[SourceVersionDate "2012.11.22"]
[SourceQuality "1"]
[WhiteTeam "Hitdorf SV Springer"]
[BlackTeam "Langenfeld III"]
[WhiteTeamCountry "GER"]
[BlackTeamCountry "GER"]

1. e4 Nf6 2. e5 Nd5 3. d4 d6 4. c4 Nb6 5. exd6 exd6 6. Nc3 Bf5 7. Nf3 Be7 8. Be2 0-0 9. 0-0 c6 10. Be3 d5 11. c5 N6d7 12. b4 Re8 13. Qb3 Nf6 14. b5 b6 15. Ne5 bxc5 16. bxc6 Bc8 17. dxc5 Bf8 18. Bf4 Na6 19. Bxa6 Bxa6 20. Rfe1 Bxc5 21. Rad1 Qa5 22. Nxd5 Ng4 23. Nf6+ Nxf6 24. Qxf7+ Kh8 25. Qb3 h6 26. Bd2 Qc7 27. Bc3 Bxf2+ 28. Kxf2 Rxe5 29. Bxe5 Ng4+ 30. Kg1 Nxe5 31. Qe6 Nd3 32. Re2 Nf4 33. Qe5 Nxe2+ 0-1

[Event "Leverkusen Bayer op 9th"]
[Site "Leverkusen"]
[Date "2011.01.24"]
[Round "2"]
[White "Wolfradt, Dirk"]
[Black "Wolff, Michael"]
[Result "1-0"]
[WhiteElo "2182"]
[BlackElo "1946"]
[PlyCount "51"]
[EventDate "2011.01.10"]
[EventType "swiss"]
[EventRounds "7"]
[EventCountry "GER"]
[SourceTitle "EXT 2012"]
[Source "ChessBase"]
[SourceDate "2011.11.24"]
[SourceVersion "1"]
[SourceVersionDate "2011.11.24"]
[SourceQuality "1"]

1. e4 c5 2. Nf3 Nc6 3. d4 cxd4 4. Nxd4 Nf6 5. Nc3 e5 6. Nxc6 bxc6 7. f4 Qa5 8. Bd3 d6 9. 0-0 Be7 10. Kh1 0-0 11. Bd2 Qc7 12. Qe1 a5 13. Ne2 a4 14. Rd1 d5 15. fxe5 Nxe4 16. Bxe4 dxe4 17. Bc3 Bc5 18. Ng3 e3 19. Ne4 e2 20. Qxe2 Ba6 21. Qg4 Bxf1 22. Nxc5 Bb5 23. Rd7 Qc8 24. e6 g6 25. e7 Re8 26. Qd4 1-0

[Event "Cologne Longerich op 7th"]
[Site "Cologne"]
[Date "2010.07.31"]
[Round "3"]
[White "Kirst, Peter Klaus"]
[Black "Wolfradt, Dirk"]
[Result "0-1"]
[WhiteElo "1687"]
[BlackElo "2069"]
[PlyCount "114"]
[EventDate "2010.07.30"]
[EventType "swiss"]
[EventRounds "5"]
[EventCountry "GER"]
[SourceTitle "EXT 2011"]
[Source "ChessBase"]
[SourceDate "2010.11.26"]
[SourceVersion "1"]
[SourceVersionDate "2010.11.26"]
[SourceQuality "1"]

1. Nf3 d5 2. g3 Nc6 3. Bg2 Bg4 4. h3 Bf5 5. 0-0 Qd7 6. Kh2 0-0-0 7. d3 e5 8. Nbd2 f6 9. c4 Nge7 10. cxd5 Nd4 11. e4 Bg6 12. Nxd4 exd4 13. Nb3 Qa4 14. Nc5 Qxd1 15. Rxd1 Bf7 16. Nb3 c6 17. dxc6 Nxc6 18. Bd2 Bd6 19. Na5 Ne5 20. Bf4 g5 21. Bxe5 fxe5 22. Rdc1+ Kb8 23. Nc4 Bc7 24. a4 Rhf8 25. Kg1 Be6 26. b4 Rd7 27. Ra2 h5 28. Rb2 h4 29. g4 Rdf7 30. f3 Rxf3 31. Bxf3 Rxf3 32. Kg2 Rg3+ 33. Kh2 Rxd3 34. a5 Rc3 35. Rxc3 dxc3 36. Rf2 Bxc4 37. Rf8+ Bd8 38. Rxd8+ Kc7 39. Rd1 c2 40. Rc1 Bd3 41. Kg1 Bxe4 42. Kf1 Bd3+ 43. Ke1 e4 44. Kd2 Kc6 45. Kc3 Kd5 46. Re1 Ke5 47. b5 Kd5 48. b6 axb6 49. axb6 Kc5 50. Kd2 Kxb6 51. Ra1 Kb5 52. Kc1 Kc5 53. Ra7 b5 54. Rg7 e3 55. Rxg5+ Kd4 56. Rg7 e2 57. Rd7+ Ke3 0-1

[Event "Leverkusen-ch op"]
[Site "Leverkusen"]
[Date "2010.02.01"]
[Round "2"]
[White "Wolfradt, Dirk"]
[Black "Granz, Thomas"]
[Result "1-0"]
[WhiteElo "2182"]
[BlackElo "1735"]
[PlyCount "23"]
[EventDate "2010.01.18"]
[EventType "swiss"]
[EventRounds "7"]
[EventCountry "GER"]
[SourceTitle "EXT 2011"]
[Source "ChessBase"]
[SourceDate "2010.11.26"]
[SourceVersion "1"]
[SourceVersionDate "2010.11.26"]
[SourceQuality "1"]

1. d4 c6 2. e4 d5 3. f3 dxe4 4. fxe4 e5 5. Nf3 exd4 6. Bc4 Be7 7. 0-0 Nf6 8. Ng5 0-0 9. Nxf7 Qb6 10. Rxf6 Bxf6 11. Qh5 d3+ 12. Kh1 1-0

[Event "Leverkusen-ch op"]
[Site "Leverkusen"]
[Date "2008.02.11"]
[Round "3"]
[White "Khanukov, Boris"]
[Black "Wolfradt, Dirk"]
[Result "1-0"]
[WhiteElo "2340"]
[BlackElo "2063"]
[PlyCount "81"]
[EventDate "2008.01.14"]
[EventType "swiss"]
[EventRounds "7"]
[EventCountry "GER"]
[SourceTitle "EXT 2010"]
[Source "ChessBase"]
[SourceDate "2010.11.25"]
[SourceVersion "1"]
[SourceVersionDate "2010.11.25"]
[SourceQuality "1"]

1. d4 e6 2. c4 Nf6 3. Nc3 Bb4 4. Qc2 c5 5. dxc5 Na6 6. a3 Bxc3+ 7. Qxc3 Nxc5 8. f3 a5 9. Nh3 d6 10. e4 e5 11. Nf2 Be6 12. Be2 a4 13. Be3 Qa5 14. Qxa5 Rxa5 15. Rc1 Ke7 16. Nd3 Nxd3+ 17. Bxd3 Rc8 18. Kf2 Nd7 19. Be2 Nc5 20. Rc3 h6 21. h4 f5 22. exf5 Bxf5 23. g4 Bd7 24. Kg3 Bc6 25. Re1 Ne6 26. Bb6 Raa8 27. Bd3 Rf8 28. Bf5 Nf4 29. c5 Nd5 30. cxd6+ Kf6 31. Bc7 Nxc3 32. bxc3 g6 33. Bd3 Ke6 34. Re3 Rf6 35. g5 hxg5 36. hxg5 Rf4 37. d7 Kxd7 38. Bxe5 Rxf3+ 39. Rxf3 Bxf3 40. Kxf3 Ke6 41. Bf6 1-0

[Event "Leverkusen-ch op"]
[Site "Leverkusen"]
[Date "2007.03.26"]
[Round "7"]
[White "Wolfradt, Dirk"]
[Black "Keller, Karsten"]
[Result "1/2-1/2"]
[WhiteElo "2035"]
[BlackElo "2152"]
[PlyCount "62"]
[EventDate "2007.01.08"]
[EventType "swiss"]
[EventRounds "7"]
[EventCountry "GER"]
[SourceTitle "EXT 2008"]
[Source "ChessBase"]
[SourceDate "2007.11.25"]
[SourceVersion "1"]
[SourceVersionDate "2007.11.25"]
[SourceQuality "1"]

1. e4 c5 2. Nf3 g6 3. d4 cxd4 4. Nxd4 Bg7 5. Bc4 Nc6 6. Nxc6 bxc6 7. Qf3 e6 8. 0-0 Qf6 9. Qg3 Qe5 10. Qd3 Nf6 11. Nc3 d5 12. exd5 Ng4 13. g3 Qh5 14. h4 Ne5 15. Qe2 Qxe2 16. Bxe2 exd5 17. Be3 0-0 18. Kg2 Bf5 19. Rac1 Nc4 20. Bxc4 dxc4 21. f3 h5 22. Rfd1 Rab8 23. Bxa7 Rxb2 24. Bd4 Bxc2 25. Rd2 Bxd4 26. Rcxc2 Rxc2 27. Rxc2 Ra8 28. Ne2 c5 29. Nc1 c3 30. Ne2 Rb8 31. Nxc3 Bxc3 1/2-1/2

[Event "Leverkusen-ch op"]
[Site "Leverkusen"]
[Date "2007.01.22"]
[Round "2"]
[White "Cordts, Ingo"]
[Black "Wolfradt, Dirk"]
[Result "1-0"]
[WhiteElo "2332"]
[BlackElo "2035"]
[PlyCount "50"]
[EventDate "2007.01.08"]
[EventType "swiss"]
[EventRounds "7"]
[EventCountry "GER"]
[SourceTitle "EXT 2008"]
[Source "ChessBase"]
[SourceDate "2007.11.25"]
[SourceVersion "1"]
[SourceVersionDate "2007.11.25"]
[SourceQuality "1"]

1. Nf3 d5 2. c4 Nf6 3. cxd5 Nxd5 4. e4 Nf6 5. Nc3 c5 6. d4 cxd4 7. Qxd4 Nfd7 8. Bc4 Nc6 9. Qe3 e6 10. 0-0 Bc5 11. Qe2 0-0 12. Rd1 a6 13. Bg5 Qc7 14. a4 Nde5 15. Nxe5 Qxe5 16. Be3 b6 17. Kh1 Na5 18. f4 Qc7 19. Ba2 Bb7 20. Rac1 Rfd8 21. b4 Bxe3 22. Qxe3 Nc4 23. Bxc4 Qxc4 24. Qxb6 Rxd1+ 25. Rxd1 h6 1-0